000 00526nam a22001937a 4500
003 NUST - PNEC
005 20170116181152.0
008 150610b xxu||||| |||| 00| 0 eng d
020 _a0534401309
040 _cLIBRARY
082 _a510.2462 NEI
100 _93830
_aO'Neil, Peter V.
245 _aAdvanced engineering mathematics
_cPeter V. O'Neil
250 _a5th ed
260 _aUSA
_bWadsworth Publishing Company
_cc2003.
300 _a112 p. :
650 _93832
_aEngineering mathematics
_xME
942 _2ddc
_cBK
999 _c70998
_d70998